UBT Library

Gazetaria Hulumtuese (Record no. 60799)

000 -LEADER
fixed length control field 00298nam a22001337a 4500
008 - FIXED-LENGTH DATA ELEMENTS--GENERAL INFORMATION
fixed length control field 260216b ||||| |||| 00| 0 eng d
020 ## - INTERNATIONAL STANDARD BOOK NUMBER
International Standard Book Number 9789951982436
041 ## - LANGUAGE CODE
Language code of text/sound track or separate title shqip
080 ## - UNIVERSAL DECIMAL CLASSIFICATION NUMBER
Universal Decimal Classification number 2.1
100 ## - Rafti
Rafti 20
101 ## - Shkurtesa
Shkurtesa media
245 ## - TITLE STATEMENT
Title Gazetaria Hulumtuese
Statement of responsibility, etc Musa Sabedini
942 ## - ADDED ENTRY ELEMENTS (KOHA)
Source of classification or shelving scheme
Item type Books
Holdings
Withdrawn status Lost status Source of classification or shelving scheme Damaged status Not for loan Permanent location Current location Date acquired Total Checkouts Barcode Date last seen Price effective from Koha item type Collection code
          UBT - Lipjan UBT - Lipjan 02/16/2026   002-800070999515 02/16/2026 02/16/2026 Books  
          UBT - Lipjan UBT - Lipjan 02/16/2026   002-800070999514 02/16/2026 02/16/2026 Books  
          UBT - Lipjan UBT - Lipjan 02/16/2026   002-800070999509 02/16/2026 02/16/2026 Books Koleksioni i përgjithshem
          UBT - Lipjan UBT - Lipjan 02/16/2026   002-800070999519 02/16/2026 02/16/2026 Books  
          UBT - Lipjan UBT - Lipjan 02/16/2026   002-800070999510 02/16/2026 02/16/2026 Books Koleksioni i përgjithshem
UBT Library © 2015-2024. All rights reserved University Education for Business and Technology